000 00785cam a2200253 a 4500
008
020 _a9780803983366 (pbk.)
049 _aMAIN
050 0 0 _aBF637.C6
_bDRY
245 0 0 _aTraining and supervision for counselling in action /
_cedited by Windy Dryden and Brian Thorne.
260 _aLondon :
_bSage Publications ,
_c1991.
300 _a182 p. :
_bill. ;
_c23 cm.
440 0 _aCounselling in action
500 _aIncludes index.
504 _aIncludes bibliographical references.
650 0 _aCounseling
_xStudy and teaching.
650 0 _aCounselors
_xSupervision of.
700 1 _aThorne, Brian.
907 _a.b10268959
_b08-10-09
_c08-10-09
003
005 20230123124955.0
040 _cNUST
942 _cBOOKS
999 _c133502
_d133502